Islamic tiles / (Record no. 352310)
[ view plain ]
| 000 -LEADER | |
|---|---|
| fixed length control field | 00794 a2200253 4500 |
| 003 - CONTROL NUMBER IDENTIFIER | |
| control field | OSt |
| 005 - DATE AND TIME OF LATEST TRANSACTION | |
| control field | 20180116192330.0 |
| 008 - FIXED-LENGTH DATA ELEMENTS--GENERAL INFORMATION | |
| fixed length control field | 120516t xxu||||| |||| 00| 0 eng d |
| 010 ## - LIBRARY OF CONGRESS CONTROL NUMBER | |
| LC control number | 95002034 |
| 020 ## - INTERNATIONAL STANDARD BOOK NUMBER | |
| International Standard Book Number | 1566561914 : |
| 040 ## - CATALOGING SOURCE | |
| Transcribing agency | 0 |
| 082 00 - DEWEY DECIMAL CLASSIFICATION NUMBER | |
| Classification number | 738.60917 |
| 100 1# - MAIN ENTRY--PERSONAL NAME | |
| Personal name | Porter, Venetia. |
| 9 (RLIN) | 1570 |
| 245 10 - TITLE STATEMENT | |
| Title | Islamic tiles / |
| Statement of responsibility, etc. | Venetia Porter. |
| 250 ## - EDITION STATEMENT | |
| Edition statement | 1st American ed. |
| 260 ## - PUBLICATION, DISTRIBUTION, ETC. | |
| Place of publication, distribution, etc. | New York : |
| Name of publisher, distributor, etc. | Interlink Books, |
| Date of publication, distribution, etc. | 1995. |
| 300 ## - PHYSICAL DESCRIPTION | |
| Extent | 128 p. : |
| Other physical details | ill. (some col.), maps ; |
| Dimensions | 25 cm. |
| 500 ## - GENERAL NOTE | |
| General note | Includes index.(p127-p128) |
| 650 #0 - SUBJECT ADDED ENTRY--TOPICAL TERM | |
| Topical term or geographic name entry element | Islamic tiles |
| Geographic subdivision | Asia. |
| 9 (RLIN) | 1571 |
| 650 #0 - SUBJECT ADDED ENTRY--TOPICAL TERM | |
| Topical term or geographic name entry element | Tiles |
| Geographic subdivision | Asia. |
| 9 (RLIN) | 1572 |
| 942 ## - ADDED ENTRY ELEMENTS (KOHA) | |
| Institution code [OBSOLETE] | SADA |
| Koha item type | Book |
| Call number prefix | 738.60917 POR 1995 |
| Source of classification or shelving scheme | |
| Withdrawn status | Lost status | Source of classification or shelving scheme | Damaged status | Not for loan | Permanent Location | Current Location | Date acquired | Total Checkouts | Full call number | Barcode | Date last seen | Date last checked out | Copy number | Cost, replacement price | Price effective from | Koha item type | Total Renewals |
|---|---|---|---|---|---|---|---|---|---|---|---|---|---|---|---|---|---|
| School of Art Design and Architecture (SADA) | School of Art Design and Architecture (SADA) | 12/03/2010 | 1 | 738.60917 POR 1995 | SADA0000463 | 05/28/2014 | 05/16/2014 | 01 | 1386.00 | 08/05/2011 | Book | ||||||
| School of Art Design and Architecture (SADA) | School of Art Design and Architecture (SADA) | 04/11/2011 | 1 | 738.60917 POR 1995 | SADA0000752 | 03/11/2016 | 02/12/2016 | 02 | 1418.00 | 08/05/2011 | Book | 1 |
